Statistics for NBA All Oklahoma City Thunder Players

Click here to take the quiz!

General Stats

  • This quiz has been taken 658 times
  • The average score is 3 of 15

Answer Stats

HintAnswer% Correct
GRussell Westbrook
98%
FKevin Durant
68%
CSteven Adams
51%
FSerge Ibaka
43%
GAndre Roberson
21%
CEnes Kanter
17%
FNick Collison
17%
GAnthony Morrow
7%
GJeremy Lamb
5%
FKyle Singler
5%
FPerry Jones
4%
GD.J. Augustin
3%
FMitch McGary
3%
FSteve Novak
3%
GDion Waiters
1%

Score Distribution

Percentile by Number Answered

Percent of People with Each Score

Your Score History

You have not taken this quiz